Central Library OPAC University of Rajshahi

The theory of knowledge, (Record no. 1366)

MARC details
000 -LEADER
fixed length control field 00738cam a2200265 4500
001 - CONTROL NUMBER
control field 1366
003 - CONTROL NUMBER IDENTIFIER
rucl marc code BD-RjUL
005 - DATE AND TIME OF LATEST TRANSACTION
control field 20211208233326.0
008 - FIXED-LENGTH DATA ELEMENTS--GENERAL INFORMATION
fixed length control field 131125r19731970enk b 00110 eng d
035 ## - SYSTEM CONTROL NUMBER
System control number (BD-RjUL)1388
040 ## - CATALOGING SOURCE
Original cataloging agency DLC
Transcribing agency DLC
Modifying agency OCL
-- m.c.
-- BOS
Language of cataloging eng
041 ## - LANGUAGE CODE
Language code of text/sound track or separate title eng
082 ## - DEWEY DECIMAL CLASSIFICATION NUMBER
Edition number 21
Classification number 121
Author mark and year HAT 1973
090 ## - LOCALLY ASSIGNED LC-TYPE CALL NUMBER (OCLC); LOCAL CALL NUMBER (OCLC)
Classification number (OCLC) (R) ; Classification number, CALL (RLIN) (NR) BD161
Local cutter number (OCLC) ; Book number/undivided call number, CALL (RLIN) .F70
100 1# - MAIN ENTRY--PERSONAL NAME
Personal name Hamlyn, D. W.,
Dates associated with a name 1924-
9 (RLIN) 3707
245 14 - TITLE STATEMENT
Title The theory of knowledge,
Statement of responsibility, etc. by D. W. Hamlyn.
250 ## - EDITION STATEMENT
Edition statement [1st ed.]
260 ## - PUBLICATION, DISTRIBUTION, ETC. (IMPRINT)
Place of publication, distribution, etc. London,
Name of publisher, distributor, etc. Macmillan,
Date of publication, distribution, etc. 1970 [Reprinted 1973]
300 ## - PHYSICAL DESCRIPTION
Pagination x, 308 p.
Size 18 cm.
490 0# - SERIES STATEMENT
Series statement New introductions to philosophy.
504 ## - BIBLIOGRAPHY, ETC. NOTE
Bibliography, etc Bibliography: p. [292]-298.
650 #0 - SUBJECT ADDED ENTRY--TOPICAL TERM
Topical term or geographic name as entry element Knowledge, Theory of.
9 (RLIN) 4044
942 ## - ADDED ENTRY ELEMENTS (KOHA)
Source of classification or shelving scheme Dewey Decimal Classification
Koha item type Books
Holdings
Lost status Source of classification or shelving scheme Damaged status Not for loan Collection code Permanent Location Current Location Shelving location Date acquired Source of acquisition Cost, normal purchase price Total Checkouts Full call number Date last seen Copy number Koha item type
  Dewey Decimal Classification     Non-fiction Central Library, University of Rajshahi Central Library, University of Rajshahi   05/06/1975 Jonathan & co. 1.75   121 HAT 1973 25/11/2013 C-2 Books